000 00572nam a2200217Ia 4500
003 OSt
005 20220928141834.0
006 a|||||r|||| 00| 0
007 ta
008 220927b |||||||| |||| 00| 0 eng d
024 _a18016
037 _cTextual
040 _aSDCL
_cSDCL
_beng
041 _2eng
_aeng
082 _aP15,303:g, L4
100 _aMurti M Mannarayana
_9502447
245 0 _aSanskrit compound
_b A philosophical study.
260 _c1974
942 _hP15,303:g, L4
_cTEXL
_2CC
999 _c820290
_d820290